000 00342nam a22001577a 4500
003 SGT
020 _a978-0-85702-332-2
082 _a616.89
_bR06N
100 _aNEENAM, MICHAEL
245 _aRATIONAL EMOTIVE BEHAVIOUR THERAPY
250 _a2ND
260 _aINDIA
_bSAGE
_c2006
300 _a92
650 _aPSYCHIATRY
942 _2ddc
_cBK
999 _c19652
_d19652